000 00566nam a2200193Ia 4500
005 20260120124459.0
008 008 260114s9999 xx 000 0 eng d
020 _a9781787565364
037 _aEBOOK
040 _aCRL
_beng
_cCRL
041 _aeng
_2eng
084 _qCRL
245 0 _aInternational Corporate Governance and Regulation
260 _bEmerald Publishing
_c2018
700 _aStephen P. Ferris
_9906940
856 _uhttps://www.emerald.com/insight/publication/doi/10.1108/S1569-3732201820
942 _cEBOOK
999 _c1498625
_d1498625